Calciatori Serie A Squadra della stagione dell'Europa League - Statistics

Statistiche generali
  • Questo quiz è stato fatto 28 volte
    16 dall'ultimo reset
  • Il punteggio medio è 23 su 31
Statistiche sulle risposte
Numero apparizioni Edizioni apparizioni Nazione Squadra Calciatore % Corretto
2 2013-2014; 2014-2015 Argentina Napoli Gonzalo Higuaín
100%
2 2020-2021; 2023-2024 Italia Roma Gianluca Mancini
92%
1 2019-2020 Argentina Inter Lautaro Martínez
92%
1 2019-2020 Croazia Inter Marcelo Brozović
92%
1 2014-2015 Slovacchia Napoli Marek Hamšík
92%
1 2019-2020 Belgio Inter Romelu Lukaku
92%
1 2019-2020 Slovenia Inter Samir Handanovič
92%
1 2019-2020 Paesi Bassi Inter Stefan de Vrij
92%
1 2017-2018 Italia Lazio Ciro Immobile
85%
1 2013-2014 Italia Juventus Leonardo Bonucci
85%
1 2017-2018 Italia Milan Leonardo Bonucci
85%
1 2019-2020 Italia Inter Nicolò Barella
85%
1 2022-2023 Argentina Roma Paulo Dybala
85%
1 2023-2024 Nigeria Atalanta Ademola Lookman
77%
2 2013-2014; 2014-2015 Spagna Fiorentina Borja Valero
77%
1 2013-2014 Argentina Juventus Carlos Tévez
77%
1 2020-2021 Bosnia ed Erzegovina Roma Edin Džeko
77%
1 2013-2014 Italia Juventus Gianluigi Buffon
77%
1 2014-2015 Spagna Napoli Raúl Albiol
77%
1 2023-2024 Paesi Bassi Atalanta Teun Koopmeiners
77%
1 2013-2014 Italia Juventus Andrea Pirlo
69%
1 2023-2024 Albania Atalanta Berat Djimsiti
69%
1 2022-2023 Inghilterra Roma Chris Smalling
69%
2 2020-2021; 2022-2023 Italia Roma Lorenzo Pellegrini
69%
1 2014-2015 Algeria Napoli Faouzi Ghoulam
62%
1 2023-2024 Italia Atalanta Matteo Ruggeri
62%
1 2023-2024 Serbia Roma Mile Svilar
62%
1 2022-2023 Serbia Roma Nemanja Matić
62%
1 2020-2021 Italia Roma Leonardo Spinazzola
54%
1 2020-2021 Spagna Roma Pau López
38%
1 2013-2014 Argentina Fiorentina Gonzalo Rodríguez
15%
Nessun quiz corrispondente trovato
Distribuzione punteggi
Percentuale di utenti per punteggio
Percentile per numero di risposta
I tuoi punteggi nel tempo
Non hai fatto questo quiz dall'ultimo reset